1852 1255 1902 1345 1379 1735 1094 1764 1401 1115 1103 1951 1709 1277 1549 1073 1109 1364 1232 1796 1649 1085 1894 1648 1901 1756 1349 1500 1030 1013 1989 1981 1415 1109 1053 1259 1436 1444 1193 1625 1857 1099 1086 1265 1376 1696 1365 1463 1021 1427 1478 1777 1031 1242 1314 1319 1247 1377 1018 1449 1920 1760 1822 1064 1795 1918 1178 1186 1916 1434 1295 1400 1173 1876 1418 1585 1470 1623 1567 1135 1179 1635 1748 1567 1249 1894 1756 1087 1069 1119 1287 1826 1049 1050 1136 1979 1239 1673 1433 BCNSPRNW ULIB Ver.6.0+V

เปลี่ยนเป็นภาษาไทย

Change to English
 แสดงรายละเอียดบรรณานุกรม
  กลับหน้าหลัก

Brief Record : Get Marc (ISO 2709) : E-mail record : QR code < ปิดหน้าต่าง
LEADER : 00000nam 2200000uu 4500
001    13399112411
003     ULIB
008    110815s2541||||th 000 0 tha d
020    9789742550837
050  4 QH308.2^bช728ช ล.3 2541
100 0  เชาวน์ ชิโนรักษ์
245 10 ชีววิทยา เล่ม 3 /^cเชาวน์ ชิโนรักษ์, พรรณี ชิโนรักษ์
246 30 ชีววิทยา 3
250    พิมพ์ครั้งที่ 1
260    กรุงเทพฯ :^bศิลปาบรรณาคาร,^c2541
300    ก-ฎ, 510 หน้า :^bภาพประกอบ ;^c24 ซม.
650  0 Biology
650  4 ชีววิทยา
700 0  พรรณี ชิโนรักษ์
945    ^p170^l0^i18492
945    ^p170^l0^i18493
945    ^p170^l0^i19894
945    ^p170^l0^i19895
995    กัณชพร
999 ^a ใช้งานได้ทุกระบบ
รายการนี้ยังไม่มีแท็ก
คุณยังไม่ได้ล็อกอิน คุณสามารถมีกิจกรรมร่วมกับเว็บไซต์ได้ แต่ต้องล็อกอินก่อน ::
  ล็อกอิน

รายการสื่อสารสนเทศ

ลำดับที่ ประเภท เลขเรียก/บาร์โค้ด สถานที่ สถานะ
- ไม่พบข้อมูล -

รายการใกล้เคียง
    ผู้แต่ง [เชาวน์ ชิโนรักษ์]

    หัวเรื่อง [Biology]
    หัวเรื่อง [ชีววิทยา]

BibComment


ยังไม่เคยถูกคอมเมนท์

คอมเมนท์ทรัพยากรรายการนี้
  คอมเมนท์: ชีววิทยา เล่ม 3 ..


 Copyright 2026. Bcnsprnw @Library